Pharmaceutical Advertising as a Source of Consumer Self-Empowerment Evidence from Four Countries /

Isabell Koinig examines how a standardized promotional message for a fictitious over-the-counter (OTC) medication is perceived by consumers in four different countries (Austria, Germany, the U.S., and Brazil), and the degree to which it contributes to their self-empowerment. Building on previous res...

Full description

Bibliographic Details
Main Author: Koinig, Isabell (Author)
Corporate Author: SpringerLink (Online service)
Format: Electronic eBook
Language:English
Published: Wiesbaden : Springer Fachmedien Wiesbaden : Imprint: Springer Gabler, 2016.
Edition:1st ed. 2016.
Series:Forschungsgruppe Konsum und Verhalten
Subjects:
Online Access:Full Text via HEAL-Link
LEADER 03438nam a22005055i 4500
001 978-3-658-13134-0
003 DE-He213
005 20160311023938.0
007 cr nn 008mamaa
008 160309s2016 gw | s |||| 0|eng d
020 |a 9783658131340  |9 978-3-658-13134-0 
024 7 |a 10.1007/978-3-658-13134-0  |2 doi 
040 |d GrThAP 
050 4 |a RA410-410.9 
072 7 |a KCQ  |2 bicssc 
072 7 |a BUS069000  |2 bisacsh 
082 0 4 |a 338.473621  |2 23 
100 1 |a Koinig, Isabell.  |e author. 
245 1 0 |a Pharmaceutical Advertising as a Source of Consumer Self-Empowerment  |h [electronic resource] :  |b Evidence from Four Countries /  |c by Isabell Koinig. 
250 |a 1st ed. 2016. 
264 1 |a Wiesbaden :  |b Springer Fachmedien Wiesbaden :  |b Imprint: Springer Gabler,  |c 2016. 
300 |a XVI, 378 p. 41 illus.  |b online resource. 
336 |a text  |b txt  |2 rdacontent 
337 |a computer  |b c  |2 rdamedia 
338 |a online resource  |b cr  |2 rdacarrier 
347 |a text file  |b PDF  |2 rda 
490 1 |a Forschungsgruppe Konsum und Verhalten 
505 0 |a Effects of Health Communication and Pharmaceutical Advertising -- Taking Matters Global: The (Im)Possibilities of Cross-Cultural Advertising -- Consumer Self-Empowerment: Increasing Consumer Control and Choice -- Modelling Consumer Self-Empowerment -- Consumer Responses to Different Advertising Styles -- Advertising’s Contribution to Consumer Self-Empowerment. 
520 |a Isabell Koinig examines how a standardized promotional message for a fictitious over-the-counter (OTC) medication is perceived by consumers in four different countries (Austria, Germany, the U.S., and Brazil), and the degree to which it contributes to their self-empowerment. Building on previous research, informative appeals were expected to not only be most appealing, but also to aid consumers in making qualified and reasonable decisions, educating and “empowering” them by strengthening their beliefs in their own capabilities. A field study on three continents revealed mixed promotional messages to be most effective with regard to both ad evaluation and consumer self-empowerment. Contents Effects of Health Communication and Pharmaceutical Advertising Taking Matters Global: The (Im)Possibilities of Cross-Cultural Advertising Consumer Self-Empowerment: Increasing Consumer Control and Choice Modelling Consumer Self-Empowerment Consumer Responses to Different Advertising Styles Advertising’s Contribution to Consumer Self-Empowerment Target Groups Researchers and students in the fields of marketing, media and communications sciences Practitioners in these areas The Author Dr. Isabell Koinig wrote her dissertation under the supervision of Prof. Dr. Sandra Diehl at the Department of Media and Communications at the Alpen-Adria-Universität Klagenfurt, Austria. 
650 0 |a Marketing. 
650 0 |a Globalization. 
650 0 |a Markets. 
650 0 |a Health economics. 
650 0 |a Medical economics. 
650 1 4 |a Economics. 
650 2 4 |a Health Economics. 
650 2 4 |a Emerging Markets/Globalization. 
650 2 4 |a Marketing. 
710 2 |a SpringerLink (Online service) 
773 0 |t Springer eBooks 
776 0 8 |i Printed edition:  |z 9783658131333 
830 0 |a Forschungsgruppe Konsum und Verhalten 
856 4 0 |u http://dx.doi.org/10.1007/978-3-658-13134-0  |z Full Text via HEAL-Link 
912 |a ZDB-2-ECF 
950 |a Economics and Finance (Springer-41170)